Foods beginning with T - Statistics

General Stats
  • This quiz has been taken 135 times
  • The average score is 9 of 12
Answer Stats
Picture Answer % Correct
Tomato
100%
Toast
99%
Taco
97%
Tea
96%
Turkey
95%
Tiramisu
82%
Tomato soup
79%
Tofu
65%
Tuna
65%
Turkish Delight
50%
Tamale
42%
Trout
40%
No matching quizzes found
Score Distribution
Percent of People with Each Score
Percentile by Number Answered
Your Score History
You have not taken this quiz